000
00251nam a2200109Ia 4500
005
20251222143300.0
008
251222s9999||||xx |||||||||||||| ||spa||
082
_a
248.2/P77
245
0
_a
La Dirección Espiritual
264
_b
Juan Flors
942
_c
LIB
999
_c
15289
_d
15289